000 00688cam a2200145 a 4500
020 _a971561048X
040 _cDLC
082 _a330 ASI 1994 C155 Or.
245 1 0 _aEconomic cooperation in the greater Mekong subregion :
_btoward implementation : proceedings of the Third Conference on Subregional Economic Cooperation among Cambodia, People's Republic of China, Lao People's Democratic Republic, Myanmar, Thailand and Viet Nam, Hanoi, Viet Nam, 20-23 April 1994.
260 _aManila, Philippines :
_bAsian Development Bank,
_c1994.
300 _axvii, 406 p. :
_bmaps (1 col.) ;
_c23 cm.
650 0 _aEconomic development projects
710 2 _aAsian Development Bank.
942 _cAEDBB
999 _c18810
_d18810